[Event "Nordisk Mesterskab Ungdom U15 2026"]
[Site "Fredericia"]
[Date "2026.02.15"]
[Round "6.5"]
[White "Ravikumar, Hanesh"]
[Black "Martemyanov, Mikhail"]
[Result "1/2-1/2"]
[WhiteElo "1966"]
[BlackElo "1965"]
[WhiteFideId "1481878"]
[BlackFideId "34303774"]
[EventDate "2026.02.13"]
[EventType "swiss"]
[EventRounds "6"]
[EventCountry "DEN"]
[SourceTitle "Live v. Fredericia Chess Club"]

1. c4 e5 2. g3 c6 3. d4 e4 4. d5 Bb4+ 5. Bd2 Qe7 6. Bg2 Nf6 7. Nc3 O-O 8. Nh3 Bxc3 9. Bxc3 cxd5 10. cxd5 d6 11. O-O Bf5 12. Rc1 Nbd7 13. Qd2 Ne5 14. Nf4 Qd7 15. h4 Qb5 16. b3 Rfe8 17. Rfe1 e3 18. fxe3 Neg4 19. Bd4 Re7 20. Rc3 Rae8 21. Rf1 Be4 22. Bf3 Ne5 23. Qd1 Qa5 24. Qd2 h6 25. a4 b5 26. axb5 Qxb5 27. Qd1 Rb8 28. h5 a5 29. Qc1 Bxd5 30. Nxd5 Nxd5 31. Rc8+ Rxc8 32. Qxc8+ Re8 33. Qc2 Rb8 34. Qf5 Qxb3 35. Be4 Nf6 36. Rb1 a4 37. Rxb3 axb3 38. Bxe5 dxe5 39. Bb1 e4 40. Bxe4 Nxe4 41. Qxe4 b2 42. Qb1 Kh8 43. Kf2 Kg8 44. Kf3 Kh8 45. Kf4 Rb5 46. e4 Kg8 47. e5 Kh8 48. e4 Kg8 49. g4 Kh8 50. Kf5 Kg8 51. Kf4 Kh8 52. Kf3 Kg8 53. Ke3 Kh8 54. Kd4 Kg8 55. Kc4 Rb8 56. Kc5 Rb3 57. e6 fxe6 58. Kd6 Rb6+ 59. Kc5 Rb8 60. Kd4 Rb5 61. e5 Rb8 62. Kc5 Rb7 63. Kc6 Rb4 64. Kd6 Kf7 65. Qf1+ Ke8 66. Qb1 Kf7 67. Kc5 Rb8 68. Kd4 Rb3 69. Ke4 Rb4+ 70. Kf3 Rb6 71. Kg3 Rb4 72. Kh4 Kf8 73. Qf1+ Ke7 74. Qb1 Kf8 75. Kg3 Ke8 76. Kf3 Kf8 77. Ke3 Ke8 78. Kd3 Rb8 79. Kd4 Kd8 80. Kc5 Kc7 81. Kc4 Kd8 82. Qd1+ Kc8 83. Qb1 Kd8 84. Kd3 Ke8 85. Ke3 Rb4 86. Kd3 Rb8 87. Kc4 Kd8 88. Kd4 Kd7 89. Ke4 Ke8 90. Kf4 Rb4+ 91. Kg3 Kf8 92. Qf1+ Ke8 93. Qb1 Kf8 94. Kf3 Ke8 95. Ke3 Kd8 96. Kd3 Rb8 97. Ke3 Rb4 98. Kf3 Kc8 99. g5 hxg5 100. Kg3 Kb8 101. Kf3 Kc8 102. Kg3 Kb8 103. Kf3 Kc8 104. Qc2+ Kb8 105. Qb1 Kc8 1/2-1/2

[Event "Nordisk Mesterskab Ungdom U15 2026"]
[Site "Fredericia"]
[Date "2026.02.15"]
[Round "6.6"]
[White "Christensen, Uno Kolby"]
[Black "Jamil, Oskar Jacobsen"]
[Result "0-1"]
[WhiteElo "1400"]
[BlackElo "1662"]
[BlackFideId "7204191"]
[EventDate "2026.02.13"]
[EventType "swiss"]
[EventRounds "6"]
[EventCountry "DEN"]
[SourceTitle "Live v. Fredericia Chess Club"]

1. e4 c5 2. Nf3 Nc6 3. Bc4 e6 4. Nc3 Nf6 5. O-O d5 6. exd5 exd5 7. Bb5 Be7 8. d4 O-O 9. Bg5 cxd4 10. Nxd4 Qb6 11. Nxc6 bxc6 12. Be2 h6 13. Bxf6 Bxf6 14. Na4 Qc7 15. c4 d4 16. Bd3 c5 17. Qf3 Bd7 18. b3 Be5 19. g3 Bxa4 20. bxa4 g6 21. Rab1 Rab8 22. Be4 Qa5 23. Rxb8 Rxb8 24. Bc2 Rb2 25. Qe4 Bf6 26. Rb1 Rxb1+ 27. Bxb1 Qxa4 28. Kg2 Qxc4 29. Qa8+ Kg7 30. Qxa7 d3 31. Qd7 Bd4 32. Qg4 d2 33. Qd1 Qc1 34. Qxc1 dxc1=Q 35. Be4 Qe1 36. Bc6 Qxf2+ 37. Kh3 h5 38. a4 g5 39. a5 g4+ 40. Kh4 Bf6+ 41. Kxh5 Qf5# 0-1

[Event "Nordisk Mesterskab Ungdom U15 2026"]
[Site "Fredericia"]
[Date "2026.02.15"]
[Round "6.7"]
[White "Reunanen, Emil"]
[Black "Jakobsen, Djoni F C"]
[Result "1-0"]
[WhiteElo "1766"]
[BlackElo "1680"]
[WhiteFideId "517437"]
[BlackFideId "7205287"]
[EventDate "2026.02.13"]
[EventType "swiss"]
[EventRounds "6"]
[EventCountry "DEN"]
[SourceTitle "Live v. Fredericia Chess Club"]

1. d4 d5 2. c4 e6 3. Nc3 Nf6 4. Nf3 Be7 5. e3 O-O 6. Bd3 b6 7. cxd5 exd5 8. O-O Bb7 9. Ne5 Nbd7 10. f4 Ne4 11. Nxe4 dxe4 12. Bc2 c5 13. Bd2 cxd4 14. Nxd7 Qxd7 15. Bc3 d3 16. Bb3 Bc5 17. Qe1 Ba6 18. Qg3 g6 19. f5 Qc6 20. Qe5 Bxe3+ 21. Kh1 Qxc3 22. bxc3 Rae8 23. Bxf7+ 1-0